Dynamika rastu izolátov Staphylococcus aureus v mliečnych produktov a prieskum tvorby enterotoxínov

Uložené v:
Podrobná bibliografia
Hlavný autor: Horváthová, Zuzana
Médium: Kniha
Jazyk:Slovak
Vydavateľské údaje: Bratislava STU FCHPT 2011
On-line prístup:View in OPAC
Tagy: Pridať tag
Žiadne tagy, Buďte prvý, kto otaguje tento záznam!

MARC

LEADER 00000nam a2200000 a 4500
005 20260127134355.0
008 110622 2011 xo 000 0 slo d
035 |a vtls010287443 
039 9 |y 201106220731  |z mschk03 
040 |a STUSCHK1  |b slo  |c STUSCHK1  |e AACR2 
100 1 |a Horváthová, Zuzana  |9 872 
245 1 |a Dynamika rastu izolátov Staphylococcus aureus v mliečnych produktov a prieskum tvorby enterotoxínov  |c Zuzana Horváthová 
260 |a Bratislava  |b STU FCHPT  |c 2011 
300 |a 68 s.  |b il.  |c 30cm 
500 |a Obháj.: 6.6. 2011 
500 |a Študijný program: výživa a ochrana zdravia 
500 |a Študijný odbor: 5.2.24 potravinárstvo 
500 |a Miesto vypracovania: Oddelenie výživy a hodnotenia potravín, FCHPT 
500 |a Evidenčné číslo: FCHPT-5465-25610 
910 |a SCHK95 
999 |c 11150  |d 11150